LEADER 01179nam0 22003011i 450 001 UON00449556 005 20231205105035.563 100 $a20150119d1974 |0itac50 ba 101 $aita 102 $aIT 105 $a|||| 1|||| 200 1 $aOff limits$fArthur Adamov$g[trad. di Furio Colombo, Anna Maria Galleani] 210 $aTorino$cEinaudi$d1974 215 $a91 p.$d18 cm. 316 $avalore stimato$5IT-UONSI Francese44 TeatroADA/3 410 1$1001UON00173253$12001 $aCollezione di Teatro$1210 $aTorino$cEinaudi.$v128 620 $aIT$dTorino$3UONL000014 676 $a842.914$cLetteratura drammatica francese, 1945-1999$v21 700 1$aADAMOV$bArthur$3UONV134411$0307489 702 1$aColombo$bFurio$3UONV121982 702 1$aGALLEANI$bAnna Maria$3UONV225236 712 $aEinaudi$3UONV246211$4650 801 $aIT$bSOL$c20250314$gRICA 899 $aSIBA - SISTEMA BIBLIOTECARIO DI ATENEO$2UONSI 912 $aUON00449556 950 $aSIBA - SISTEMA BIBLIOTECARIO DI ATENEO$dSI 44 Teatro ADA 3 $eSI LO 6723 7 3 valore stimato$sBuono 996 $aOff Limits$9903416 997 $aUNIOR